<?xml version="1.0" encoding="UTF-8"?><?xml-stylesheet type="text/xsl" href="static/style.xsl"?><OAI-PMH xmlns="http://www.openarchives.org/OAI/2.0/" xmlns:xsi="http://www.w3.org/2001/XMLSchema-instance" xsi:schemaLocation="http://www.openarchives.org/OAI/2.0/ http://www.openarchives.org/OAI/2.0/OAI-PMH.xsd"><responseDate>2026-04-30T07:40:29Z</responseDate><request verb="GetRecord" identifier="oai:riubu.ubu.es:10259/4554" metadataPrefix="marc">https://riubu.ubu.es/oai/request</request><GetRecord><record><header><identifier>oai:riubu.ubu.es:10259/4554</identifier><datestamp>2023-10-09T09:30:00Z</datestamp><setSpec>com_10259_5088</setSpec><setSpec>com_10259_2728</setSpec><setSpec>col_10259_2764</setSpec></header><metadata><record xmlns="http://www.loc.gov/MARC21/slim" xmlns:doc="http://www.lyncode.com/xoai" xmlns:xsi="http://www.w3.org/2001/XMLSchema-instance" xmlns:dcterms="http://purl.org/dc/terms/" xsi:schemaLocation="http://www.loc.gov/MARC21/slim http://www.loc.gov/standards/marcxml/schema/MARC21slim.xsd">
<leader>00925njm 22002777a 4500</leader>
<datafield tag="042" ind1=" " ind2=" ">
<subfield code="a">dc</subfield>
</datafield>
<datafield tag="720" ind1=" " ind2=" ">
<subfield code="a">Merino Iglesias, Rut</subfield>
<subfield code="e">author</subfield>
</datafield>
<datafield tag="520" ind1=" " ind2=" ">
<subfield code="a">En el presente trabajo se muestra un análisis comparativo de distintos programas para la mejora de la capacidad atencional del alumnado con déficit de atención, de los cuales se han seleccionado los aspectos considerados de mayor relevancia para elaborar nuestra propuesta de intervención. Para la consecución de los objetivos se ha diseñado una batería de actividades para propiciar tanto la atención selectiva como la atención sostenida, la interiorización de estrategias metaatencionales, y de forma transversal, mejorar el rendimiento académico del alumnado.</subfield>
</datafield>
<datafield tag="520" ind1=" " ind2=" ">
<subfield code="a">The present study shows a comparative analysis of different programs for the improvement of the attention span of students with attention deficit disorder, from which the most relevant aspects have been selected in order to further elaborate an intervention proposal. In order to achieve the objectives, a set of activities has been designed with the aim of promoting selective and sustained attention, internalizing metaatentional strategies and, transversally, improving the student´s academic performance.</subfield>
</datafield>
<datafield tag="024" ind2=" " ind1="8">
<subfield code="a">http://hdl.handle.net/10259/4554</subfield>
</datafield>
<datafield ind1=" " ind2=" " tag="653">
<subfield code="a">Atención</subfield>
</datafield>
<datafield ind1=" " ind2=" " tag="653">
<subfield code="a">Autoinstrucciones</subfield>
</datafield>
<datafield ind1=" " ind2=" " tag="653">
<subfield code="a">Déficit de atención</subfield>
</datafield>
<datafield ind1=" " ind2=" " tag="653">
<subfield code="a">Rendimiento académico</subfield>
</datafield>
<datafield ind1=" " ind2=" " tag="653">
<subfield code="a">Attention</subfield>
</datafield>
<datafield ind1=" " ind2=" " tag="653">
<subfield code="a">Self-instructions</subfield>
</datafield>
<datafield ind1=" " ind2=" " tag="653">
<subfield code="a">Attention deficit</subfield>
</datafield>
<datafield ind1=" " ind2=" " tag="653">
<subfield code="a">Academic performance</subfield>
</datafield>
<datafield tag="245" ind1="0" ind2="0">
<subfield code="a">Programa de actividades metaatencionales</subfield>
</datafield>
</record></metadata></record></GetRecord></OAI-PMH>